000 00275nam a2200121Ia 4500
008 190216s9999||||xx |||||||||||||| ||und||
100 _aThomas C J
245 0 _aEdipas
260 _bPoorna Pubs Kozhikode
_c1978
300 _a80p
650 _aMalayalam Nadakam
942 _cBK
999 _c26403
_d26403